Responses for The Greatest of All Time game #7 - Tuesday, January 14, 2020

Jeopardy!: The Greatest of All Time match 4, game 1.

Contestants

[<< previous game]

Brad Rutter, the biggest money winner from Los Angeles, California

Ken Jennings, the winner of 74 consecutive games from Seattle, Washington

James Holzhauer, the setter of 20 Jeopardy! records from Las Vegas, Nevada

[next game >>]

Jeopardy! Round responses

MODERN FAMILY
THE BACHELOR
(Alex: Uh-oh, there's a trend.)
THE GOOD DOCTOR
BLANK-"ISH"
(Alex: Each correct response will end in "ish".)
STUMP TOWN
KNIGHT LINE
    200 30
blended

James
    200 29
(Ken: Who is Dr. Johnson?)

Newton

KenBrad
    200 28
Jonas Salk

Ken
    200 27
squeamish

Ken
    200 26
Cedar

Brad
    200 25
Chaucer

James
    400 23
26

Brad
    400 22
(James) Buchanan

Ken
    400 21
(Walter) Reed

Ken
    400 20
embellish

Brad
    400 6
(Brad: What is Cocoa Beach?)

Palm Beach

KenBrad
    400 24
Falstaff

Ken
    600 8
(Alex: In China, yes.)

the one-child policy

James
    600 15
(Ken: Uh, how am I doin'? Who is [*]?)

Ed Koch

Ken
    600 16
a stethoscope

Ken
    600 19
tarnish

Ken
    600 5
Aspen, Colorado

Triple Stumper
    600 2
Murder in the Cathedral

James
    800 11
with their parents

Brad
    800 13
(Edvard) Munch

Brad
    800 9
(Edward) Jenner

Ken
    800 18
brackish

James
    800 3
Ashland

Ken
    800 1
[NOTE: James selected the first clue.]

Roland

Ken
    1000 14
they outearn their husbands

Ken
    1000 12
Adam Smith

James
    3,800 10
(Alex: Are you gonna do the push?)
(Ken: I’m gonna do it. 3800, Alex.)
(James: I want royalties.)
...
(Alex: I hope you will not take offense, Ken, but so often when you respond, you respond in a questioning manner as if you're not sure, and then you delight in the moment. It's wonderful to see.)
(Ken: It's--a lot of the times it's a guess. I just like to hear your reassuring voice, Alex.)
[Laughter]
(Ken: "Ken, it's gonna be okay.")

Imhotep

Ken
    1000 17
a flourish

Ken
    1000 4
(James: What is [*] Bluff?)

Pine

James
    1000 7
The Faerie Queene

Ken

Scores at the end of the Jeopardy! Round:

James Ken Brad
4,400 12,800 2,400

Double Jeopardy! Round responses

THE WORLD ACCORDING TO KAREEM
(Alex: Kareem Abdul-Jabbar, of course.)
BRITISH STUFF
ALBUMS
HISTORY
JEOPORTMANTEAU!
THE ARTS
    400 21
1

James
    400 30
Camera

Ken
    400 23
Men at Work

James
    400 29
Elizabeth I

James
    400 28
(James: Hooray! What is [*]?)

lightSabermetrics

James
    400 27
the Sydney Opera House

James
    800 20
the skyhook

James
    800 24
Cook

Ken
    800 22
Jesus Is King

Triple Stumper
    800 4
1932

Brad
    800 25
snowManischewitz

Brad
    800 26
Dada

James
    1200 19
Crispus Attucks

James
    1200 17
toad in the hole

Ken
    1200 18
(James: What is [singing] [*]?)

"Back To Black"

James
    1200 2
[The accent mark in "Perón" was not shown in the clue.]

Isabel Perón

Ken
    1200 15
a kumquatrain

Brad
    1200 10
(Francis) Bacon

Ken
    1600 9
favelas

James
    1600 6
Sheffield

Brad
    1600 5
Combat Rock

James
    1600 1
the Foreign Legion

James
    1600 14
crescendodontist

James
    15,200 11
(Alex: You seem to be finding them at the right time. Or is it the right time?)
(Ken: I guess we'll see. Uh, I've got James on my back--I've gotta go all in. 15,200 points, Alex.)

The Rose Tattoo

Ken
    2000 16
Jeet Kune Do

Triple Stumper
    4,800 7
(Alex: There you go again.)
...
(Brad: Who is Faraday?)
...
[Ken and Brad groan.]
(Alex: Darn!)
(Brad: "Darn" is right!)

James Clerk Maxwell

Brad
    2000 8
The Kinks

James
    2000 3
Biafra

James
    2000 13
(Ken: Oh, right.)
(James: So close.)
(Alex: It came to you just a second too late, James.)
(James: Yeah, yeah.)

influenzabaglione

Triple Stumper
    2000 12
(Diane) Arbus

James

Scores at the end of the Double Jeopardy! Round:

James Ken Brad
22,800 32,800 2,000

[wagering suggestions for these scores]

Final Jeopardy! Round responses

IT'S ALL GREECE TO ME
(Alex: [To Brad] Sounds like a disease.)
[Brad laughs.]
...
(Alex: He's ahead of Ken Jennings. Did Ken come up with [*]?)
[Ken nods.]
(Alex: He did. What did he wager?)
[Ken makes the hand pushing motion; the audience "Ohh"s.]
...
(Alex: Can he be beaten? You're going to find out in the next half-hour. We'll return with Game 2 right after this.)
BradWhat is Bucolia?
2,000
JamesWhat is Arcadia?
11,381
KenWhat is Arcadia?
32,800
Arcadia

Final scores:

James Ken Brad
34,181 65,600 0

Game dynamics:

Coryat scores:

James Ken Brad
22,800 16,400 6,800
23 R,
0 W
22 R
(including 2 DDs),
1 W
10 R,
2 W
(including 1 DD)

Combined Coryat: 46,000

[game clues] [game scores] [suggest correction]

Game tape date: Unknown
The J! Archive is created by fans, for fans. Scraping, republication, monetization, and malicious use prohibited; this site may use cookies and collect identifying information. See terms. The Jeopardy! game show and all elements thereof, including but not limited to copyright and trademark thereto, are the property of Jeopardy Productions, Inc. and are protected under law. This website is not affiliated with, sponsored by, or operated by Jeopardy Productions, Inc. Join the discussion at JBoard.tv.